新编中国史话. 上 (Record no. 38317)

000 -LEADER
fixed length control field 00441nam a22001697a 4500
003 - CONTROL NUMBER IDENTIFIER
control field MPLRDC
005 - DATE AND TIME OF LATEST TRANSACTION
control field 20220104143256.0
008 - FIXED-LENGTH DATA ELEMENTS--GENERAL INFORMATION
fixed length control field 210129b ||||| |||| 00| 0 eng d
082 ## - DEWEY DECIMAL CLASSIFICATION NUMBER
Classification number 610.9 GBN v.1
100 ## - MAIN ENTRY--PERSONAL NAME
Personal name 郭伯南、刘福元著
245 ## - TITLE STATEMENT
Title 新编中国史话. 上
Statement of responsibility, etc.
250 ## - EDITION STATEMENT
Edition statement 一版一刷
260 ## - PUBLICATION, DISTRIBUTION, ETC.
Place of publication, distribution, etc.
Name of publisher, distributor, etc. 上海人民出版社
Date of publication, distribution, etc. 1984
300 ## - PHYSICAL DESCRIPTION
Other physical details
650 ## - SUBJECT ADDED ENTRY--TOPICAL TERM
Topical term or geographic name entry element 中国通史--通俗史话
942 ## - ADDED ENTRY ELEMENTS (KOHA)
Koha item type Book
-- 610.9 GBN v.1
Holdings
Withdrawn status Lost status Source of classification or shelving scheme Damaged status Not for loan Collection code Home library Current library Shelving location Date acquired Cost, normal purchase price Total Checkouts Full call number Barcode Date last seen Date last checked out Price effective from Koha item type Public note
            Malaysian Public Library, Research and Development Centre Malaysian Public Library, Research and Development Centre   10/12/2007 3.90   610.9 GBN v.1 00038446 18/03/2021 03/09/2008 18/03/2021 Book mplrdc

© 2022. Malaysian Public Library, Research and Development Centre. All Right ReservedE-mailmplrdc@help.edu.my 

Powered by Koha